000 00825cam a22002054a 4500
005 20250605164034.0
008 250528s ||||||||||||||||||||||||d
035 _a16758
020 _a340253282
040 _aGR-AtMCL
_bgre
_dGR-AtMCL
_eAACR2
245 1 _aExporting / Business & Management Studies
260 _bTeach Yourself Books,
_c1980
300 _a148
520 _aThis book provides a practical guide to exporting for the newcomer to this complex but vital business. Introduction, General Background, Market Research, Miscellaneous Shipping Matters, European Economic Community, Delivery Terms and Related Responsibilities, The Centralized Economics, Air Freight, Appendices, Index.
700 1 _aRutland E. A
_92849
700 1 _aTaylor D. F
_92850
942 _cBK
999 _c2227
_d2227